00622 a2200169 450000500170000000800410001701000140005802000110007203500130008303700150009608200110011110000170012224501700013926000450030927000730035430000250042720080827110220.0080827t xxu||||| |||| 00| 0 eng d aENG-87281 c500.00 aEN-70814 bDBAD / PUB a133.55 aHariharan, K aKrishnamurti planetary ephemeris year 2001 to 2025b : according to the Nirayana or Sidereal Zodiac system day to day....inhabited latitude on earthcby K. Hariharan aChennaibKrishnamurti Publicationsc2001 aF21-A, First floo0r, Spencer Plaza, 769, Anna RoadbChennaie600 002 a150 p.c24 cm (pbk)